| 000 | 00506nam a22001817a 4500 | ||
|---|---|---|---|
| 008 | 151102b xxu||||| |||| 00| 0 eng d | ||
| 020 | _a0672321688 | ||
| 041 | 0 | _aeng | |
| 080 | _a004.272.23 | ||
| 100 | 1 | _aPayne, Chris. | |
| 245 | 1 | 0 |
_aSams teach yourself ASP.NET in 21 days / _cChris Payne. |
| 260 |
_aIndianapolis, Ind. : _bSams, _cc2002. |
||
| 300 |
_axvi, 997 f. ; _bme il.; _c24 cm. + _e1 CD-ROM (4 3/4 in.) |
||
| 650 | 0 | _aProgramimi | |
| 650 | 0 | _aInternet | |
| 650 | 0 | _aWeb sites | |
| 942 |
_2udc _cBK |
||
| 999 |
_c1347 _d1347 |
||